U.S. Presidents who also Served as U.S. Secretary of State - Statistics

General Stats
  • This quiz has been taken 270 times
  • The average score is 5 of 6
Answer Stats
Answer % Correct
Thomas Jefferson
95%
John Quincy Adams
90%
James Monroe
84%
James Madison
83%
Martin Van Buren
64%
James Buchanan
41%
No matching quizzes found
Score Distribution
Percent of People with Each Score
Percentile by Number Answered
Your Score History
You have not taken this quiz